000 00718nam a2200241Ia 4500
003 OSt
005 20220925222350.0
006 a|||||r|||| 00| 0
007 ta
008 220923b |||||||| |||| 00| 0 eng d
020 _a0141016906
_c552.70
037 _b045, 01/06/2006, Better Book Service
_cGeneral Book
040 _aRTL
_cRTL
_beng
041 _2eng
_aeng
082 _aR4,941, P5
100 _aLayard Richard
245 0 _aHappiness
_b Lessons from a new science
260 _aLondon
_bPenguin Books
_c2005
300 _aix, 310p
_ccm.
650 _aEthics
942 _hR4,941, P5
_cGB
_2CC
999 _c576851
_d576851